00905 2200301 4500001002100000005001700021008004100038020002200079035002500101040001200126082001900138084002300157100002200180245013600202250001100338260002800349300003100377440002600408500001100434650002800445700002300473700001900496700002200515850001200537990001800549990001800567990001800585INLIS00000000000618420150901174815.0  a978-602-7597-53-2 a0010-061500000000305 aYOPDYOG 223a808.899282 aK 808.899282 Lle T aLLEWELLYN, Claire aTanya dr. R. Langga tentang cuacac/ Claire Llewellyn; Penerjemah, Novi Vidya Sartika; Editor, Shelomi Angeli dan Winny Rachmayanti aCet. 1 aJakartabErlanggac2013 a32 hlm.b: Ilus.c; 25 cm. aTanya Dr. R. Lanagga. aIndeks aAnak -- Buku dan bacaan aNOVI Vidya Sartika aSHELOMI Angeli aWINNY Rachmayanti aYOPDYOG a17180-PD/B.15 a17181-PD/B.15 a17182-PD/B.15